|
|
|
|
| LEADER |
00000nam0a2200000 4500 |
| 001 |
203528 |
| 005 |
20231031185643.0 |
| 010 |
|
|
|a 5020167576
|
| 035 |
|
|
|a (RuTPU)RU\TPU\book\221803
|
| 090 |
|
|
|a 203528
|
| 100 |
|
|
|a 20111109d1991 m y0rusy50 ca
|
| 101 |
1 |
|
|a rus
|c eng
|
| 102 |
|
|
|a RU
|
| 105 |
|
|
|a a z 001zy
|
| 200 |
1 |
|
|a Материальная культура чукчей
|e пер. с англ.
|f В. Г. Богораз
|
| 210 |
|
|
|a Москва
|c Изд-во восточной литературы
|d 1991
|
| 215 |
|
|
|a 224 с.
|c ил.
|
| 225 |
1 |
|
|a Этнографическая библиотека
|
| 320 |
|
|
|a Библиогр.: с. 221-222.
|
| 610 |
1 |
|
|a чукчи
|
| 610 |
1 |
|
|a культура
|
| 610 |
1 |
|
|a оленеводство
|
| 610 |
1 |
|
|a этнография
|
| 610 |
1 |
|
|a производство
|
| 610 |
1 |
|
|a пища
|
| 610 |
1 |
|
|a одежда
|
| 610 |
1 |
|
|a игры
|
| 686 |
|
|
|a Т52(25)
|v LBC/SL-A
|2 rubbk
|
| 700 |
|
1 |
|a Богораз
|b В. Г.
|g Владимир Гермонович
|
| 801 |
|
1 |
|a RU
|b 63413507
|c 20111109
|
| 801 |
|
2 |
|a RU
|b 63413507
|c 20130507
|g RCR
|
| 942 |
|
|
|c BK
|